LEADER 01966nam 2200505 450 001 9910798482103321 005 20230808193246.0 010 $a0-309-37782-X 010 $a0-309-37780-3 035 $a(CKB)3710000000685031 035 $a(EBL)4528553 035 $a(OCoLC)968152403 035 $a(MiAaPQ)EBC4528553 035 $a(EXLCZ)993710000000685031 100 $a20160616h20162016 uy| 0 101 0 $aeng 135 $aur|n|---||||| 181 $2rdacontent 182 $2rdamedia 183 $2rdacarrier 200 00$aEnvisioning the future of health professional education $eworkshop summary /$fPatricia A. Cuff, rapporteur ; Global Forum on Innovation in Health Professional Education, Board on Global Health, Institute of Medicine ; The National Academies of Sciences, Engineering, Medicine 210 1$aWashington, District of Columbia :$cThe National Acadmies Press,$d[2016] 210 4$d©2016 215 $a1 online resource (175 p.) 300 $aDescription based upon print version of record. 311 $a0-309-37779-X 327 $aPages:1 to 25; Pages:26 to 50; Pages:51 to 75; Pages:76 to 100; Pages:101 to 125; Pages:126 to 150; Pages:151 to 175 606 $aHealth education 606 $aMedical education 615 0$aHealth education. 615 0$aMedical education. 676 $a610.71/1 700 $aCuff$b Patricia A.$01083097 702 $aCuff$b Patricia A. 712 02$aGlobal Forum on Innovation in Health Professional Education, 712 02$aInstitute of Medicine.$bBoard on Global Health, 712 02$aNational Academies of Sciences, Engineering, Medicine, 712 12$aEnvisioning the Future of Health Professional Education (Workshop)$f(2015 :$eWashington, D.C.) 801 0$bMiAaPQ 801 1$bMiAaPQ 801 2$bMiAaPQ 906 $aBOOK 912 $a9910798482103321 996 $aEnvisioning the future of health professional education$93693186 997 $aUNINA LEADER 04692nam 22009255 450 001 9910299749603321 005 20200706113255.0 010 $a3-319-01026-3 024 7 $a10.1007/978-3-319-01026-7 035 $a(CKB)3710000000119082 035 $a(DE-He213)978-3-319-01026-7 035 $a(SSID)ssj0001239371 035 $a(PQKBManifestationID)11801240 035 $a(PQKBTitleCode)TC0001239371 035 $a(PQKBWorkID)11185908 035 $a(PQKB)10905665 035 $a(MiAaPQ)EBC1731617 035 $a(Au-PeEL)EBL1731617 035 $a(CaPaEBR)ebr10969179 035 $a(OCoLC)879644154 035 $a(PPN)178778389 035 $a(MiAaPQ)EBC31132540 035 $a(Au-PeEL)EBL31132540 035 $a(EXLCZ)993710000000119082 100 $a20140509d2014 u| 0 101 0 $aeng 135 $aurnn#008mamaa 181 $ctxt$2rdacontent 182 $cc$2rdamedia 183 $acr$2rdacarrier 200 10$aBasic Earthquake Engineering $eFrom Seismology to Analysis and Design /$fby Halūk Sucuo?lu, Sinan Akkar 205 $a1st ed. 2014. 210 1$aCham :$cSpringer International Publishing :$cImprint: Springer,$d2014. 215 $a1 online resource (XIV, 288 p. 245 illus., 23 illus. in color.) 300 $aBibliographic Level Mode of Issuance: Monograph 311 $a3-319-01025-5 327 $aNature of Earthquakes -- Seismic Hazard Assessment -- Response of Simple Structures to Earthquake Ground Motions -- Earthquake Design Spectra -- Response of Building Frames to Earthquake Ground Motions -- Analysis Procedures and Seismic Design Principles for Building Structures -- Seismic Design of Reinforced Concrete Structures. 330 $aThis book provides senior undergraduate students, master students and structural engineers who do not have a background in the field with core knowledge of structural earthquake engineering that will be invaluable in their professional lives. The basics of seismotectonics, including the causes, magnitude, and intensity of earthquakes, are first explained. Then the book introduces basic elements of seismic hazard analysis and presents the concept of a seismic hazard map for use in seismic design. Subsequent chapters cover key aspects of the response analysis of simple systems and building struc­tures to earthquake ground motions, design spectrum, the adoption of seismic analysis procedures in seismic design codes, seismic design principles and seismic design of reinforced concrete structures. Helpful worked examples on seismic analysis of linear, nonlinear and base isolated buildings, earthquake-resistant design of frame and frame-shear wall systems are included, most of which can be solved using a hand calculator. 606 $aEngineering geology 606 $aEngineering?Geology 606 $aFoundations 606 $aHydraulics 606 $aMechanics 606 $aMechanics, Applied 606 $aGeotechnical engineering 606 $aEngineering design 606 $aVibration 606 $aDynamical systems 606 $aDynamics 606 $aGeoengineering, Foundations, Hydraulics$3https://scigraph.springernature.com/ontologies/product-market-codes/T23020 606 $aSolid Mechanics$3https://scigraph.springernature.com/ontologies/product-market-codes/T15010 606 $aGeotechnical Engineering & Applied Earth Sciences$3https://scigraph.springernature.com/ontologies/product-market-codes/G37010 606 $aEngineering Design$3https://scigraph.springernature.com/ontologies/product-market-codes/T17020 606 $aVibration, Dynamical Systems, Control$3https://scigraph.springernature.com/ontologies/product-market-codes/T15036 615 0$aEngineering geology. 615 0$aEngineering?Geology. 615 0$aFoundations. 615 0$aHydraulics. 615 0$aMechanics. 615 0$aMechanics, Applied. 615 0$aGeotechnical engineering. 615 0$aEngineering design. 615 0$aVibration. 615 0$aDynamical systems. 615 0$aDynamics. 615 14$aGeoengineering, Foundations, Hydraulics. 615 24$aSolid Mechanics. 615 24$aGeotechnical Engineering & Applied Earth Sciences. 615 24$aEngineering Design. 615 24$aVibration, Dynamical Systems, Control. 676 $a624.15 700 $aSucuo?lu$b Halūk$4aut$4http://id.loc.gov/vocabulary/relators/aut$0996188 702 $aAkkar$b Sinan$4aut$4http://id.loc.gov/vocabulary/relators/aut 801 0$bMiAaPQ 801 1$bMiAaPQ 801 2$bMiAaPQ 906 $aBOOK 912 $a9910299749603321 996 $aBasic Earthquake Engineering$92283024 997 $aUNINA